1821 1956 1364 1671 1586 1020 1439 1381 1121 1051 1872 1879 1263 1466 1043 1368 1455 1763 1761 1629 1398 1153 1198 1948 1534 1839 1368 1767 2000 1773 1589 1909 1464 1865 1104 1571 1144 1340 1258 1662 1285 1198 1218 1286 1199 1262 1199 1834 1842 1888 1191 1448 1183 1678 1075 1235 1841 1014 1399 1277 1359 1387 1710 1221 1918 1497 1568 1444 1733 1193 1461 1168 1863 1360 1484 1861 1176 1401 1468 1437 1732 1495 1880 1050 1060 1420 1673 1823 1772 1797 1819 1099 1906 1882 1123 1761 1253 1154 1195 BCNSPRNW ULIB Ver.6.0+V

เปลี่ยนเป็นภาษาไทย

Change to English
 แสดงรายละเอียดบรรณานุกรม
  กลับหน้าหลัก

Brief Record : Get Marc (ISO 2709) : E-mail record : QR code < ปิดหน้าต่าง
LEADER : 00000nam 2200000uu 4500
001    13399125891
003     ULIB
008    170921s2559||||th 000 0 tha d
020    ^a 9786163216168
050    ^a LB2014ช116ก
100    ^aชัยวัฒน์ สุทธิรัตน์
245    ^a การพัฒนาหลักสูตร : ทฤษฎีสู่การปฏิบัติ / ชัยวัฒน์ สุทธิรัตน์
250    ^aพิมพ์ครั้งที่ 5
260    ^aกรุงเทพฯ :^bวีพรินท์,^c2559
300    ^a402 หน้า;^b21 ซม.
650    ^a หลักสูตร.
650    ^a การศึกษา--หลักสูตร
650    ^a การประเมินหลักสูตร
650    ^aการพัฒนาหลักสูตร
945    ^p0^l0^i003330
945    ^p0^l0^i003331
999    ^aประนอม เกษจรัล
รายการนี้ยังไม่มีแท็ก
คุณยังไม่ได้ล็อกอิน คุณสามารถมีกิจกรรมร่วมกับเว็บไซต์ได้ แต่ต้องล็อกอินก่อน ::
  ล็อกอิน

รายการสื่อสารสนเทศ

ลำดับที่ ประเภท เลขเรียก/บาร์โค้ด สถานที่ สถานะ
1. วิทยาศาสตร์การแพทย์ และสุขภาพ
หนังสือสำรอง
สถานะ=หนังสือสำรอง
LB2014ช116ก ฉ.1 
  Barcode: 003330
ห้องสมุดวิทยาเขตสวรรค์ประชารักษ์
►หนังสือทั่วไป
บนชั้น
2. วิทยาศาสตร์การแพทย์ และสุขภาพ
วิทยาศาสตร์การแพทย์ และสุขภาพ
LB2014ช116ก ฉ.2 
  Barcode: 003331
ห้องสมุดวิทยาเขตสวรรค์ประชารักษ์
►หนังสือทั่วไป
บนชั้น

รายการใกล้เคียง
    ชื่อเรื่อง [การพัฒนาหลักสูตร : ทฤษฎีสู่การปฏิบัติ / ชัยวัฒน์ สุทธิรัตน์]

    ผู้แต่ง [ชัยวัฒน์ สุทธิรัตน์]

    หัวเรื่อง [หลักสูตร.]
    หัวเรื่อง [การศึกษา--หลักสูตร]
    หัวเรื่อง [การประเมินหลักสูตร]
    หัวเรื่อง [การพัฒนาหลักสูตร]

BibComment


ยังไม่เคยถูกคอมเมนท์

คอมเมนท์ทรัพยากรรายการนี้
  คอมเมนท์: การพัฒนาหลักสูต..


 Copyright 2026. Bcnsprnw @Library